[Event "Najdorf mem"]
[Site "Buenos Aires"]
[Date "2001.09.09"]
[Round "6"]
[White "Milos, Gilberto"]
[Black "Short, Nigel D"]
[Result "0-1"]
[WhiteElo "2614"]
[BlackElo "2664"]
[PlyCount "116"]
[EventDate "2001.09.04"]
[Source "ChessBase"]
[SourceDate "2001.11.13"]

1. e4 e6 2. d4 d5 3. e5 c5 4. c3 Bd7 5. Nf3 Qb6 6. Be2 Nc6 7. O-O Nge7 8. Na3 cxd4 9. cxd4 Ng6 10. Nc2 Be7 11. Bd3 O-O 12. Qe2 a5 13. h4 f6 14. exf6 Bxf6 15. h5 Nge7 16. Bg5 Rae8 17. h6 Nf5 18. Bxf5 exf5 19. Qd2 Re4 20. Rfe1 gxh6 21. Bxh6 Rfe8 22. Re3 a4 23. Rb1 Qa5 24. Qe2 Qd8 25. Re1 Ne7 26. Nb4 Qb6 27. Qd2 Qd6 28. Bg5 Bg7 29. Rxe4 fxe4 30. Bf4 Qf6 31. Ne5 Be6 32. Bg5 Qf5 33. f3 exf3 34. Nxf3 Ng6 35. Nd3 Bf7 36. Rf1 Qg4 37. Nc5 b5 38. Qd3 h6 39. Be3 Nh4 40. Nxh4 Rxe3 41. Qf5 Qxh4 42. Qxf7+ Kh8 43. Qf4 Qxf4 44. Rxf4 Re2 45. Kf1 Rxb2 46. Ne6 Rxa2 47. Rf7 Bxd4 48. Nxd4 b4 49. Rf2 Rxf2+ 50. Kxf2 Kg7 51. Ke3 Kf6 52. Kd2 Kg5 53. Ne6+ Kg4 54. Nc5 a3 55. Kc2 Kg3 56. Kb3 Kxg2 57. Nd3 Kf3 58. Nxb4 h5 0-1

[Event "Esbjerg"]
[Site "?"]
[Date "2000.??.??"]
[Round "?"]
[White "Grischuk, A."]
[Black "Gurevich, M."]
[Result "0-1"]
[WhiteElo "2605"]
[BlackElo "2665"]
[PlyCount "60"]
[EventDate "2000.??.??"]
[Source "Chess Informant"]
[SourceDate "2000.06.01"]

1. e4 e6 2. d4 d5 3. e5 c5 4. c3 Nc6 5. Nf3 Bd7 6. Be2 Nge7 7. Na3 cxd4 8. cxd4 Nf5 9. Nc2 Qb6 10. O-O a5 11. Kh1 Nb4 12. Ne3 Rc8 13. Nxf5 exf5 14. Bd2 Be7 15. a3 Nc6 16. Bc3 O-O 17. Qd2 Ra8 18. Ne1 Rfb8 19. Nc2 g6 20. Ne3 Be6 21. f4 h5 22. Qd1 Kg7 23. Bxh5 gxh5 24. Qxh5 Rh8 25. Nxf5+ Bxf5 26. Qxf5 Nxd4 27. Qd3 Rxh2+ 28. Kxh2 Rh8+ 29. Kg3 Bh4+ 30. Kg4 Qh6 0-1

[Event "Reykjavik op 19th"]
[Site "Reykjavik"]
[Date "2000.04.10"]
[Round "6"]
[White "Grischuk, Alexander"]
[Black "Short, Nigel D"]
[Result "0-1"]
[WhiteElo "2581"]
[BlackElo "2683"]
[PlyCount "64"]
[EventDate "2000.04.05"]
[Source "ChessBase"]
[SourceDate "2000.05.11"]

1. e4 e6 2. d4 d5 3. e5 c5 4. c3 Nc6 5. Nf3 Bd7 6. a3 f6 7. Bd3 Qc7 8. O-O O-O-O 9. Qe2 h6 10. b4 c4 11. Bc2 f5 12. Nh4 Be8 13. f4 Be7 14. Nxf5 exf5 15. Bxf5+ Kb8 16. Qg4 g5 17. fxg5 hxg5 18. Bxg5 Bh5 19. Qg3 Bxg5 20. Qxg5 Nge7 21. Nd2 Rdg8 22. Qe3 Nxf5 23. Rxf5 Qh7 24. Rf6 Be2 25. h3 Bd3 26. Kh2 Ne7 27. Nf3 Nf5 28. Qf4 Ka8 29. Rg1 Qh5 30. e6 Be4 31. Rf1 Rg3 32. Rxf5 Qxh3+ 0-1

[Event "Amber-blind 11th"]
[Site "Monaco"]
[Date "2002.03.18"]
[Round "3"]
[White "Shirov, Alexei"]
[Black "Ljubojevic, Ljubomir"]
[Result "1-0"]
[WhiteElo "2715"]
[BlackElo "2548"]
[PlyCount "57"]
[EventDate "2002.03.16"]
[Source "ChessBase"]
[SourceDate "2002.05.03"]

1. e4 e6 2. d4 d5 3. e5 c5 4. c3 Qb6 5. Nf3 Bd7 6. a3 Bb5 7. b4 cxd4 8. Bxb5+ Qxb5 9. cxd4 a5 10. Nc3 Qc6 11. Bd2 axb4 12. axb4 Rxa1 13. Qxa1 Qa6 14. Qb1 b5 15. O-O Ne7 16. Qd3 Nec6 17. Nxb5 Kd7 18. Ng5 Be7 19. Nxf7 Rf8 20. Nfd6 Bxd6 21. exd6 g6 22. Rc1 Rf7 23. Qe2 Qa2 24. Qe3 Qb2 25. Re1 Nd8 26. Nc7 Kxd6 27. Nxe6 Nbc6 28. Qg3+ Kd7 29. Qc7+ 1-0

[Event "Neum"]
[Site "?"]
[Date "2000.10.01"]
[Round "7"]
[White "Timman Jan Hein"]
[Black "Kortschnoj Viktor"]
[Result "1/2-1/2"]
[WhiteElo "2639"]
[BlackElo "2620"]
[PlyCount "54"]
[EventDate "2000.??.??"]
[Source "www.chesslib.no"]
[SourceDate "2004.05.04"]

1. e4 e6 2. d4 d5 3. e5 c5 4. c3 Nc6 5. Nf3 Bd7 6. Be2 Qb6 7. O-O a5 8. Na3 cxd4 9. Nb5 a4 10. cxd4 Nxe5 11. Nxe5 Bxb5 12. Bxb5+ Qxb5 13. Qh5 g6 14. Nxg6 fxg6 15. Qe5 Qd7 16. Qxh8 Qg7 17. Qxg7 Bxg7 18. Be3 Ne7 19. Rac1 Nc6 20. Rfd1 Ra6 21. Kf1 Rb6 22. Rc2 Kd7 23. Ke2 Rb4 24. Rd3 Bxd4 25. Bd2 Rxb2 26. Rxc6 bxc6 27. Rxd4 Rxa2 1/2-1/2

[Event "Samara 73/311"]
[Site "?"]
[Date "1998.??.??"]
[Round "?"]
[White "Zvjaginsev, Vadim"]
[Black "Volkov, Sergey"]
[Result "1-0"]
[WhiteElo "2650"]
[BlackElo "2605"]
[PlyCount "73"]
[EventDate "1998.??.??"]
[Source "ChessBase"]
[SourceDate "1998.06.01"]

1. e4 e6 2. d4 d5 3. e5 c5 4. c3 Qb6 5. Nf3 Bd7 6. a3 Bb5 7. b4 cxd4 8. Bxb5+ Qxb5 9. cxd4 a5 10. Nc3 Qc6 11. Bd2 axb4 12. axb4 Rxa1 13. Qxa1 Qa6 14. Qa4+ Qxa4 15. Nxa4 b5 16. Nc3 Bxb4 17. Nxb5 Be7 18. Ke2 Nh6 19. Na7 O-O 20. Rb1 Re8 21. g4 Bf8 22. h3 f5 23. Bxh6 fxg4 24. Nh2 gxh6 25. Nxg4 Nd7 26. Rb7 h5 27. Rxd7 hxg4 28. hxg4 Rb8 29. Nc6 Rb2+ 30. Kf3 Ba3 31. g5 Rb6 32. Rc7 Bb2 33. Kg4 Ra6 34. g6 Ra1 35. Ne7+ Kh8 36. Kg5 Rc1 37. Kf6 1-0

[Event "Groningen"]
[Site "?"]
[Date "1993.??.??"]
[Round "?"]
[White "Benjamin, J."]
[Black "Gulko, B."]
[Result "1/2-1/2"]
[WhiteElo "2620"]
[BlackElo "2635"]
[PlyCount "71"]
[EventDate "1993.??.??"]
[Source "ChessBase"]
[SourceDate "1993.10.01"]

1. e4 e6 2. d4 d5 3. e5 c5 4. c3 Nc6 5. Nf3 Bd7 6. Be2 f6 7. O-O fxe5 8. Nxe5 Nxe5 9. dxe5 Bc6 10. c4 Ne7 11. Bg5 dxc4 12. Nd2 Qd5 13. Bh5+ Ng6 14. Qg4 Be7 15. Bxg6+ hxg6 16. Bxe7 Kxe7 17. Nxc4 Qe4 18. Qg5+ Kf8 19. Nd6 Qh4 20. Qxh4 Rxh4 21. f4 Ke7 22. Rf2 Rah8 23. h3 Rf8 24. Raf1 a5 25. Kh2 Bd5 26. a3 Kd7 27. Kg3 Rh5 28. h4 Kc6 29. Rc1 a4 30. Rfc2 b6 31. Kg4 Rfh8 32. g3 Rf8 33. Rc3 Rd8 34. R3c2 Rd7 35. Rc3 Rd8 36. R3c2 1/2-1/2

[Event "USA-China Summit"]
[Site "Seattle"]
[Date "2001.03.16"]
[Round "3.3"]
[White "Peng Xiaomin"]
[Black "Kaidanov, Gregory S"]
[Result "0-1"]
[WhiteElo "2648"]
[BlackElo "2607"]
[PlyCount "54"]
[EventDate "2001.03.14"]
[Source "ChessBase"]
[SourceDate "2001.05.17"]

1. e4 e6 2. d4 d5 3. e5 c5 4. c3 Qb6 5. a3 a5 6. Bd3 Bd7 7. Ne2 Bb5 8. Bxb5+ Qxb5 9. O-O Nc6 10. a4 Qb6 11. Na3 cxd4 12. cxd4 Nge7 13. Nb5 Nf5 14. g4 Nh4 15. Qb3 Qd8 16. f4 h5 17. f5 hxg4 18. fxe6 fxe6 19. Qg3 Nf3+ 20. Rxf3 gxf3 21. Nf4 Kd7 22. Nxe6 Qh4 23. Ng5 Nxd4 24. e6+ Nxe6 25. Nxf3 Qxg3+ 26. hxg3 Bd6 27. Kg2 Rac8 0-1

[Event "USA-China Summit"]
[Site "Seattle"]
[Date "2001.03.14"]
[Round "1.3"]
[White "Peng Xiaomin"]
[Black "Kaidanov, Gregory S"]
[Result "1/2-1/2"]
[WhiteElo "2648"]
[BlackElo "2607"]
[PlyCount "50"]
[EventDate "2001.03.14"]
[Source "ChessBase"]
[SourceDate "2001.05.17"]

1. e4 e6 2. d4 d5 3. e5 c5 4. c3 Qb6 5. Nf3 Bd7 6. a3 a5 7. Be2 a4 8. O-O Nc6 9. dxc5 Bxc5 10. c4 Nge7 11. Nc3 Nd4 12. cxd5 Nxe2+ 13. Qxe2 Nxd5 14. Nxd5 exd5 15. Rd1 Bb5 16. Qe1 Bc4 17. Be3 Bxe3 18. Qxe3 Qxe3 19. fxe3 O-O 20. Rd4 Rfe8 21. Rc1 h6 22. e4 dxe4 23. Rcxc4 exf3 24. gxf3 Rxe5 25. Rxa4 Rxa4 1/2-1/2

[Event "Las Palmas"]
[Site "?"]
[Date "1994.??.??"]
[Round "?"]
[White "Adams, Mi"]
[Black "Illescas Cordoba, M."]
[Result "1-0"]
[WhiteElo "2660"]
[BlackElo "2590"]
[PlyCount "83"]
[EventDate "1994.??.??"]
[Source "ChessBase"]
[SourceDate "1994.02.01"]

1. e4 c5 2. c3 e6 3. d4 d5 4. e5 Qb6 5. Nf3 Bd7 6. Be2 Bb5 7. c4 Bxc4 8. Bxc4 Qb4+ 9. Nbd2 dxc4 10. O-O Nc6 11. dxc5 Bxc5 12. a3 Qb5 13. Ne4 Nge7 14. Be3 Rd8 15. Qe2 Bxe3 16. Nd6+ Rxd6 17. exd6 Bxf2+ 18. Rxf2 Nf5 19. Rd1 Qc5 20. Ng5 O-O 21. d7 Nd8 22. Ne4 Qc7 23. Kh1 Nc6 24. Qg4 Qe5 25. Re1 Rd8 26. Qd1 h6 27. g4 Nfd4 28. Nf6+ Qxf6 29. Rxf6 gxf6 30. Qc1 Kg7 31. Re3 Ne7 32. Rh3 Ng8 33. Qxc4 Rxd7 34. Qc8 Rd5 35. Qxb7 Ne2 36. Rf3 a5 37. Kg2 h5 38. gxh5 Nh6 39. Kf2 Re5 40. h3 Nd4 41. Rg3+ Kh7 42. Rd3 1-0

[Event "It (Open) Dos Hermanas ESP"]
[Site "?"]
[Date "2006.03.24"]
[Round "2"]
[White "Movsesian Sergei"]
[Black "Ni Hua"]
[Result "0-1"]
[WhiteElo "2632"]
[BlackElo "2614"]
[PlyCount "100"]
[EventDate "2006.??.??"]
[Source "www.chesslib.no"]
[SourceDate "2004.05.04"]

1. e4 e6 2. d4 d5 3. e5 c5 4. c3 Nc6 5. Nf3 Bd7 6. Be2 Nh6 7. Na3 cxd4 8. cxd4 Nf5 9. Nc2 Qb6 10. h4 f6 11. g4 Nfxd4 12. Ncxd4 Nxe5 13. Rg1 Nxf3+ 14. Nxf3 Bc5 15. Rg2 O-O 16. Kf1 Rac8 17. b3 Qd6 18. Nd4 Rc7 19. Bb2 Rfc8 20. Kg1 e5 21. Nf5 Qe6 22. Qd2 Qf7 23. Rd1 Be6 24. Bf3 Bf8 25. Qe1 Rc2 26. Bc1 Rxa2 27. Rg3 d4 28. Be4 Bxb3 29. g5 Bxd1 30. gxf6 g6 31. Qxd1 Ra1 32. Qf3 Rcxc1+ 33. Kg2 Rg1+ 34. Kh3 Rh1+ 35. Kg4 Qxf6 36. Nh6+ Kg7 37. Qxf6+ Kxf6 38. Bxh1 Rxh1 39. Rf3+ Kg7 40. Rf7+ Kxh6 41. Rxf8 a5 42. Ra8 d3 43. Rd8 e4 44. Kf4 Rxh4+ 45. Ke3 a4 46. Rd4 b5 47. Rb4 a3 48. Rxb5 Rh5 49. Rb1 a2 50. Ra1 Ra5 0-1

[Event "Madrid"]
[Site "?"]
[Date "1995.??.??"]
[Round "?"]
[White "Illescas Cordoba, M."]
[Black "Beiavsky, A."]
[Result "1-0"]
[WhiteElo "2595"]
[BlackElo "2650"]
[PlyCount "101"]
[EventDate "1995.??.??"]
[Source "ChessBase"]
[SourceDate "1995.02.01"]

1. e4 e6 2. d4 d5 3. e5 c5 4. c3 Qb6 5. Nf3 Bd7 6. Be2 Bb5 7. c4 Bxc4 8. Bxc4 Qb4+ 9. Nbd2 dxc4 10. a3 Qb5 11. O-O Ne7 12. Ne4 Nd5 13. dxc5 Nd7 14. Nd6+ Bxd6 15. cxd6 O-O 16. Re1 c3 17. bxc3 Nxc3 18. Qd2 Rfc8 19. Bb2 Nd5 20. Re4 Nc5 21. Rg4 h5 22. Rh4 Qd3 23. Qg5 Qf5 24. Qxf5 exf5 25. Rd1 Nb6 26. Rxh5 Ne6 27. Nd4 Na4 28. Ba1 g6 29. Nxe6 gxh5 30. Nc7 Nc5 31. Nxa8 Rxa8 32. Bd4 Ne6 33. f3 Kf8 34. Bf2 Ke8 35. d7+ Kd8 36. Bh4+ Kc7 37. Be7 b5 38. h4 a5 39. g4 fxg4 40. fxg4 b4 41. axb4 axb4 42. Bxb4 Ra4 43. Be7 Rxg4+ 44. Kf2 Rg8 45. Kf3 Ra8 46. Rd2 Rg8 47. Bf6 Ra8 48. Rd3 Rb8 49. Rd6 Rb3+ 50. Kf2 Nd8 51. Rd2 1-0

[Event "Esbjerg"]
[Site "?"]
[Date "2000.??.??"]
[Round "?"]
[White "Grischuk, A."]
[Black "Gulko, B."]
[Result "1-0"]
[WhiteElo "2605"]
[BlackElo "2640"]
[PlyCount "69"]
[EventDate "2000.??.??"]
[Source "Chess Informant"]
[SourceDate "2000.06.01"]

1. e4 e6 2. d4 d5 3. e5 c5 4. c3 Nc6 5. Nf3 Bd7 6. Be2 Nge7 7. Na3 cxd4 8. cxd4 Nf5 9. Nc2 Qb6 10. O-O Rc8 11. Kh1 Na5 12. g4 Ne7 13. Nfe1 Bb5 14. Nd3 h5 15. gxh5 Nf5 16. Be3 g6 17. hxg6 fxg6 18. Rg1 Qc7 19. Nde1 Bxe2 20. Qxe2 Qh7 21. Nf3 g5 22. Rg2 Nh4 23. Nxh4 Rxc2 24. Qb5+ Nc6 25. Nf3 Bh6 26. Bxg5 a6 27. Qb3 Bxg5 28. Nxg5 Qf5 29. Nxe6 Ke7 30. Ng7 Qe4 31. Qxb7+ Kd8 32. Ne6+ Ke8 33. Qc8+ Ke7 34. Qxh8 Rxf2 35. Qg7+ 1-0

[Event "Ter Apel"]
[Site "Ter Apel"]
[Date "1992.??.??"]
[Round "3"]
[White "Adams, Michael"]
[Black "Epishin, Vladimir"]
[Result "0-1"]
[WhiteElo "2620"]
[BlackElo "2620"]
[PlyCount "52"]
[EventDate "1992.03.??"]
[Source "ChessBase"]

1. e4 e6 2. d4 d5 3. e5 c5 4. c3 Nc6 5. Nf3 Bd7 6. a3 f6 7. Bd3 Qc7 8. O-O O-O-O 9. Bf4 c4 10. Bc2 h6 11. h4 Be8 12. b3 cxb3 13. Bxb3 Bh5 14. Nbd2 fxe5 15. dxe5 Bc5 16. Qb1 Nge7 17. c4 Rhf8 18. Bh2 Bxf3 19. Nxf3 Rxf3 20. gxf3 Nd4 21. Kg2 Nef5 22. Bg3 Qf7 23. f4 g5 24. cxd5 gxf4 25. dxe6 Qh5 26. e7 Nxh4+ 0-1

[Event "Guanzhou m g/25"]
[Site "Guanzhou"]
[Date "2000.04.14"]
[Round "6"]
[White "Xie Jun"]
[Black "Karpov, Anatoly"]
[Result "1/2-1/2"]
[WhiteElo "2542"]
[BlackElo "2696"]
[PlyCount "77"]
[EventDate "2000.04.09"]
[Source "ChessBase"]
[SourceDate "2000.07.27"]

1. e4 e6 2. d4 d5 3. e5 c5 4. c3 Nc6 5. Nf3 Bd7 6. Be2 Rc8 7. O-O a6 8. a3 cxd4 9. cxd4 Nge7 10. Nc3 Nf5 11. g4 Nh4 12. Nxh4 Qxh4 13. Be3 g5 14. Na4 h5 15. gxh5 Nxe5 16. Nb6 Nf3+ 17. Bxf3 Bd6 18. Re1 Qxh2+ 19. Kf1 Bb5+ 20. Re2 g4 21. Bg2 Rc6 22. Nxd5 f5 23. Qd2 Kf7 24. Bf4 Bxe2+ 25. Qxe2 Bxf4 26. Nxf4 Qxf4 27. Bxc6 bxc6 28. Re1 Qd6 29. Qxa6 Rxh5 30. Qa7+ Kf6 31. Qc5 Qxc5 32. dxc5 Rh1+ 33. Ke2 Rxe1+ 34. Kxe1 Ke5 35. b4 Kd4 36. a4 Kc4 37. a5 Kb5 38. Ke2 e5 39. Kd3 1/2-1/2